Opera omnia. Vol. IX. Officium, missa et motecta defunctorum /

Na minha lista:
Detalhes bibliográficos
Autor principal: Morales, Cristóbal de, ca. 1500-1553
Outros Autores: Anglès, Higini, 1888-1969, Llorens Cisteró, Josep Maria
Formato: Recurso Electrónico livro electrónico
Idioma:espanhol
Publicado em: Madrid : Consejo Superior de Investigaciones Científicas, Institución Milà i Fontanals, Departamento de Musicología, 2010.
Colecção:Monumentos de la música española ; 78.
Digitalia eBook Collection: Editorial CSIC
Assuntos:
Acesso em linha:Digitalia Hispánica
Tags: Adicionar Tag
Sem tags, seja o primeiro a adicionar uma tag!

MARC

LEADER 00000nam a2200000Ia 4500
001 DIGCSIC3578
003 NyNyDIG
006 m d
007 cr |||||||||||
008 121201s2010 sp a ob 000 0 spa
020 |a 9788400092290 (electronic bk.) 
020 |z 9788400092153 (pbk.) 
020 |z 8400092155 (pbk.) 
040 |a DGITA  |b eng  |e pn  |c DGITA 
050 4 |a M2 ebook 
100 1 |a Morales, Cristóbal de,  |d ca. 1500-1553 
245 1 0 |a Opera omnia.   |n Vol. IX.   |h [electronic resource]   |p Officium, missa et motecta defunctorum /  |c Cristóbal de Morales ; serie iniciada por Monseñor Higinio Anglés ; introducción, estudio y transcripción por Josep Maria Llorens Cisteró. 
260 |a Madrid :  |b Consejo Superior de Investigaciones Científicas, Institución Milà i Fontanals, Departamento de Musicología,  |c 2010.  |e (New York, NY. :  |f Digitalia Inc,   |g 2012). 
300 |a 1 online resource (xiv, 131 p.) 
490 1 |a Monumentos de la música española ;  |v 78. 
500 |a "En efecto, al frente de la Sección de Música de la Escuela Española de Historia y Arqueología en Roma (CSIC), Higini Anglès publicó en ocho volúmenes las Opera Omnia de Cristóbal de Morales, dejando sin terminar los dos últimos programados. ... Después de haber transcurrido tanto tiempo ..., tomamos la antorcha con el compromisio de proseguir la edición de Opera Omnia de Cristóbal de Morales con el fin de dar término a una serie tan valiosa" (p. [xiii]). 
504 |a Includes bibliographical references. 
506 |a Access restricted to subscribing institutions. 
650 0 |a Requiems. 
655 0 |a Electronic books. 
700 1 |a Anglès, Higini,   |d 1888-1969. 
700 1 |a Llorens Cisteró, Josep Maria. 
791 2 |a Digitalia (Firm),  |e distributor. 
830 0 |a Monumentos de la música española ;  |v 78. 
830 0 |a Digitalia eBook Collection: Editorial CSIC 
856 4 0 |3 Digitalia Hispánica  |u https://digitalia.unach.elogim.com/a/17339/